<?xml version="1.0" encoding="UTF-8"?><?xml-stylesheet type="text/xsl" href="static/style.xsl"?><OAI-PMH xmlns="http://www.openarchives.org/OAI/2.0/" xmlns:xsi="http://www.w3.org/2001/XMLSchema-instance" xsi:schemaLocation="http://www.openarchives.org/OAI/2.0/ http://www.openarchives.org/OAI/2.0/OAI-PMH.xsd"><responseDate>2026-04-14T06:05:18Z</responseDate><request verb="GetRecord" identifier="oai:www.recercat.cat:10230/35473" metadataPrefix="marc">https://recercat.cat/oai/request</request><GetRecord><record><header><identifier>oai:recercat.cat:10230/35473</identifier><datestamp>2025-12-19T01:44:11Z</datestamp><setSpec>com_2072_6</setSpec><setSpec>col_2072_452953</setSpec></header><metadata><record xmlns="http://www.loc.gov/MARC21/slim" xmlns:dcterms="http://purl.org/dc/terms/" xmlns:xsi="http://www.w3.org/2001/XMLSchema-instance" xmlns:doc="http://www.lyncode.com/xoai" xsi:schemaLocation="http://www.loc.gov/MARC21/slim http://www.loc.gov/standards/marcxml/schema/MARC21slim.xsd">
   <leader>00925njm 22002777a 4500</leader>
   <datafield ind2=" " ind1=" " tag="042">
      <subfield code="a">dc</subfield>
   </datafield>
   <datafield ind2=" " ind1=" " tag="720">
      <subfield code="a">Ábrahám, Árpád</subfield>
      <subfield code="e">author</subfield>
   </datafield>
   <datafield ind2=" " ind1=" " tag="720">
      <subfield code="a">Cárceles Poveda, Eva</subfield>
      <subfield code="e">author</subfield>
   </datafield>
   <datafield ind2=" " ind1=" " tag="720">
      <subfield code="a">Liu, Yan</subfield>
      <subfield code="e">author</subfield>
   </datafield>
   <datafield ind2=" " ind1=" " tag="720">
      <subfield code="a">Marimon, Ramon</subfield>
      <subfield code="e">author</subfield>
   </datafield>
   <datafield ind2=" " ind1=" " tag="260">
      <subfield code="c">2018-09-19T16:46:52Z</subfield>
   </datafield>
   <datafield ind2=" " ind1=" " tag="260">
      <subfield code="c">2018-09-19T16:46:52Z</subfield>
   </datafield>
   <datafield ind2=" " ind1=" " tag="260">
      <subfield code="c">2018-04</subfield>
   </datafield>
   <datafield ind2=" " ind1=" " tag="520">
      <subfield code="a">A Financial Stability Fund set by a union of sovereign countries can improve countries&amp;apos; ability to share risks, borrow and lend, with respect to the standard instrument used to smooth fluctuations: sovereign debt financing. Efficiency gains arise from the ability of the fund to offer long-term contingent financial contracts, subject to limited enforcement (LE) and moral hazard (MH) constraints. In contrast, standard sovereign debt contracts are uncontingent and subject to untimely debt roll-overs and default risk. We develop a model of the Financial Stability Fund (Fund) as a long-term partnership with LE and MH constraints. We quantitatively compare the constrained-efficient Fund economy with the incomplete markets economy with default. In particular, we characterize how (implicit) interest rates and asset holdings differ, as well as how both economies react differently to the same productivity and government expenditure shocks. In our economies, `calibrated&amp;apos; to the euro area `stressed countries&amp;apos; , substantial effciency gains are achieved by establishing a well-designed Financial Stability Fund; this is particularly true in times of crisis. Our theory provides a basis for the design of a Fund - for example, beyond the current scope of the European Stability Mechanism (ESM) - and a theoretical and quantitative framework to assess alternative risk-sharing (shock-absorbing) facilities, as well as proposals to deal with the euro area `debt overhang problem&amp;apos;.</subfield>
   </datafield>
   <datafield ind2=" " ind1=" " tag="520">
      <subfield code="a">The ADEMU Working Paper Series is being supported by the European Commission Horizon 2020 European Union funding for Research &amp;amp; Innovation, grant agreement No 649396.</subfield>
   </datafield>
   <datafield tag="653" ind2=" " ind1=" ">
      <subfield code="a">Recursive contracts</subfield>
   </datafield>
   <datafield tag="653" ind2=" " ind1=" ">
      <subfield code="a">Debt contracts</subfield>
   </datafield>
   <datafield tag="653" ind2=" " ind1=" ">
      <subfield code="a">Partnerships</subfield>
   </datafield>
   <datafield tag="653" ind2=" " ind1=" ">
      <subfield code="a">Limited enforcement</subfield>
   </datafield>
   <datafield tag="653" ind2=" " ind1=" ">
      <subfield code="a">Moral hazard</subfield>
   </datafield>
   <datafield tag="653" ind2=" " ind1=" ">
      <subfield code="a">Debt restructuring</subfield>
   </datafield>
   <datafield tag="653" ind2=" " ind1=" ">
      <subfield code="a">Debt overhang</subfield>
   </datafield>
   <datafield tag="653" ind2=" " ind1=" ">
      <subfield code="a">Sovereign funds</subfield>
   </datafield>
   <datafield ind2="0" ind1="0" tag="245">
      <subfield code="a">On the optimal design of a financial stability fund</subfield>
   </datafield>
</record></metadata></record></GetRecord></OAI-PMH>